State of the countryside 2004 (Record no. 117568)
[ view plain ]
| 000 -LEADER | |
|---|---|
| fixed length control field | 01220cam a2200241 4500 |
| 001 - CONTROL NUMBER | |
| control field | WB4024-15 |
| 008 - FIXED-LENGTH DATA ELEMENTS--GENERAL INFORMATION | |
| fixed length control field | 040622n2004 000 0 eng u |
| 035 ## - SYSTEM CONTROL NUMBER | |
| System control number | (Sirsi) u126551 |
| 245 ## - TITLE STATEMENT | |
| Title | State of the countryside 2004 |
| 260 ## - PUBLICATION, DISTRIBUTION, ETC. | |
| Date of publication, distribution, etc. | 2004 |
| 490 ## - SERIES STATEMENT | |
| Series statement | DEFRA News Release |
| Volume/sequential designation | (233/04) 21 June 2004 (2) |
| 520 ## - SUMMARY, ETC. | |
| Summary, etc. | The government has welcomed a Countryside Agency Report, 'The state of the countryside 2004 - the challenge of rural movers". Issues highlighted in the report include the effect of increased house prices on local residents which are making fewer homes affordable. Positive aspects include the fact that many rural areas are economically successful and people living there tend to live longer and have better health than urban dwellers. For the DEFRA news release: http://www.defra.gov.uk/news/2004/040621a.htm For the Countryside Agency report: http://www.countryside.gov.uk/EvidenceAndAnalysis/ state_of_the_countryside_reports/nationalsocr.asp |
| 590 ## - LOCAL NOTE (RLIN) | |
| Local note | WB |
| 590 ## - LOCAL NOTE (RLIN) | |
| Local note | WB |
| 650 ## - SUBJECT ADDED ENTRY--TOPICAL TERM | |
| Topical term or geographic name entry element | COUNTRYSIDE AGENCY |
| 650 ## - SUBJECT ADDED ENTRY--TOPICAL TERM | |
| Topical term or geographic name entry element | COUNTRYSIDE |
| 650 ## - SUBJECT ADDED ENTRY--TOPICAL TERM | |
| Topical term or geographic name entry element | RURAL AREAS |
| 650 ## - SUBJECT ADDED ENTRY--TOPICAL TERM | |
| Topical term or geographic name entry element | MIGRATION |
| 650 ## - SUBJECT ADDED ENTRY--TOPICAL TERM | |
| Topical term or geographic name entry element | RURAL HOUSING |
| 650 ## - SUBJECT ADDED ENTRY--TOPICAL TERM | |
| Topical term or geographic name entry element | POPULATION GROWTH |
| 690 ## - LOCAL SUBJECT ADDED ENTRY--TOPICAL TERM (OCLC, RLIN) | |
| Topical term or geographic name as entry element | RURAL |
| 9 (RLIN) | 6268 |
| 942 ## - ADDED ENTRY ELEMENTS (KOHA) | |
| Suppress in OPAC | 0 |
| Withdrawn status | Lost status | Source of classification or shelving scheme | Damaged status | Not for loan | Home library | Current library | Shelving location | Date acquired | Total Checkouts | Full call number | Barcode | Date last seen | Copy number | Price effective from | Koha item type |
|---|---|---|---|---|---|---|---|---|---|---|---|---|---|---|---|
| Dewey Decimal Classification | London | London | News article | 24/06/2004 | WB4024-15 | 126551-1001 | 06/08/2019 | 1 | 06/08/2019 | News article |